<?xml version="1.0" encoding="UTF-8"?>
<marc:record xmlns:marc="http://www.loc.gov/MARC21/slim">
   <marc:leader>00000nam a2200000 a 4500</marc:leader>
   <marc:datafield ind1="1" ind2=" " tag="100">
      <marc:subfield code="a">Dr. Feil, Markus G.</marc:subfield>
   </marc:datafield>
   <marc:datafield ind1="1" ind2=" " tag="100">
      <marc:subfield code="a">Prof. Dr. Hoffmann, Klaus</marc:subfield>
   </marc:datafield>
   <marc:datafield ind1="1" ind2=" " tag="100">
      <marc:subfield code="a">Prof. Dr. Eher, Reinhard</marc:subfield>
   </marc:datafield>
   <marc:datafield ind1=" " ind2=" " tag="653">
      <marc:subfield code="a">Psychotrope Substanzabhängigkeit</marc:subfield>
   </marc:datafield>
   <marc:datafield ind1=" " ind2=" " tag="653">
      <marc:subfield code="a">Risikoeinschätzung</marc:subfield>
   </marc:datafield>
   <marc:datafield ind1=" " ind2=" " tag="653">
      <marc:subfield code="a">geschlechterspezifische Behandlung</marc:subfield>
   </marc:datafield>
   <marc:datafield ind1="0" ind2="0" tag="245">
      <marc:subfield code="a">Forensische Psychiatrie und Psychotherapie 03/2024, 32. Jg.</marc:subfield>
   </marc:datafield>
   <marc:datafield ind1="0" ind2="0" tag="245">
      <marc:subfield code="b">Werkstattschriften</marc:subfield>
   </marc:datafield>
   <marc:datafield ind1="0" ind2="0" tag="245">
      <marc:subfield code="c">Reinhard Prof. Dr. Eher ; Klaus Prof. Dr. Hoffmann ; Markus G. Dr. Feil</marc:subfield>
   </marc:datafield>
   <marc:datafield ind1=" " ind2="1" tag="264">
      <marc:subfield code="a">Lengerich</marc:subfield>
      <marc:subfield code="b">Pabst Science Publishers</marc:subfield>
      <marc:subfield code="c">2024</marc:subfield>
   </marc:datafield>
   <marc:datafield ind1="1" ind2=" " tag="490">
      <marc:subfield code="a">Forensische Psychiatrie und Psychotherapie</marc:subfield>
      <marc:subfield code="v">32</marc:subfield>
   </marc:datafield>
   <marc:datafield ind1=" " ind2=" " tag="250">
      <marc:subfield code="a">2024 / 03, 32. Jg.</marc:subfield>
   </marc:datafield>
   <marc:datafield ind1="1" ind2=" " tag="520">
      <marc:subfield code="a">Dirk Hesse &amp; Klaus Hoffmann#Editorial ##Sharon Schumann &amp; Marie Bergmann#Frauen als Therapierende und in Führungspositionen &#x96; Besonderheiten in der forensischen Einrichtung##Sabine Hüdepohl#Abschied von einem Mythos &#x96; Gedanken zu weiblicher Mittäterschaft am sexuellen Kindesmissbrauch# #Vivienne de Vogel, Marije Keulen-de Vos, Julia Leong &amp; Ester Robbe#Arbeit mit Frauen in der forensisch-psychiatrischen Versorgung: Leitlinien für geschlechterspezifische Beurteilung und Behandlung# #Vivienne de Vogel#Risikoeinschätzung bei Frauen##Vivienne de Vogel, Jeantine Stam, Yvonne H.-A. Bouman, Paul Ter Horst, Marike Lancel#Frauen unter dem Einfluss psychotroper Substanzen: Unterschiede zwischen weiblichen und männlichen forensischen Patienten im Substanzgebrauch# #Abstracts der 39. Münchner Herbsttagung der Arbeitsgemeinschaft für Methodik und Dokumentation in der Forensischen Psychiatrie (AGFP)</marc:subfield>
   </marc:datafield>
   <marc:datafield ind1=" " ind2=" " tag="022">
      <marc:subfield code="a">09452540</marc:subfield>
   </marc:datafield>
   <marc:datafield ind1=" " ind2=" " tag="300">
      <marc:subfield code="a">364</marc:subfield>
   </marc:datafield>
</marc:record>
